Score 0/20 Timer 01:00
0 Plays Today
Phrase Missing Word % Correct
Worldwide day for practical jokes: ____ Fools' DayAPRIL
68.5%
Mr. T catchphrase: 'I pity the ____!'FOOL
67.7%
The mineral pyrite: ____'s goldFOOL
67.4%
Famous idiom: '____ me once, shame on you; ____ me twice, shame on me'FOOL
67.1%
Famous idiom: ____ showers bring May flowersAPRIL
67.1%
Like an infallible plan or a fail-safe device: ____proofFOOL
63.9%
Thomas Tusser proverb: 'A ____ and his money are soon parted'FOOL
61.6%
Alexander Pope adage: '____s rush in where angels fear to tread'FOOL
61.2%
The Who classic, now known as the 'CSI: Miami' theme: 'Won't Get ____ed Again'FOOL
61.1%
1997 Jewel hit, #15 on Billboard's All-Time Hot 100: '____ish Games'FOOL
60.2%
Phrase Missing Word % Correct
Aretha Franklin song given a Grammy Hall of Fame Award: 'Chain of ____s'FOOL
59.1%
1993 Richard Russo novel/1994 Paul Newman film: 'Nobody's ____'FOOL
58.9%
1987 Eric Johnson computer game: 'The ____'s Errand'FOOL
58.1%
British sitcom: 'Only ____s and Horses'FOOL
57.9%
Beatles song off 'Magical Mystery Tour': 'The ____ on the Hill'FOOL
57.1%
Sebastian Faulks novel with 26 chapters: 'A ____'s Alphabet'FOOL
55.6%
The quickest possible finish to a chess match: ____'s mateFOOL
55.5%
2003 Katie Holmes drama: 'Pieces of ____'APRIL
45.4%
1966 Simon & Garfunkel song: '____ Come She Will'APRIL
45.1%
1993 drama starring Alfred Molina and Miranda Richardson 'Enchanted ____'APRIL
44%

Today's Daily Dose

Remove Ads.
Support Sporcle.
Get the best of Sporcle when you Go Orange. This ad-free experience offers more features, more stats, and more fun while also helping to support Sporcle. Thank you for becoming a member.

You're not logged in!

Compare scores with friends on all Sporcle quizzes.
OR
Log In

Show Comments

Extras

Top Quizzes Today


Score Distribution

Your Account Isn't Verified!

In order to create a playlist on Sporcle, you need to verify the email address you used during registration. Go to your Sporcle Settings to finish the process.

Report this User

Report this user for behavior that violates our Community Guidelines.

Details: